[Event "EU-ch 2nd"]
[Site "Ohrid"]
[Date "2001.06.01"]
[Round "1"]
[White "Burmakin, Vladimir"]
[Black "Graf, Alexander"]
[Result "1-0"]
[WhiteElo "2522"]
[BlackElo "2649"]
[Annotator "Ribli,Z"]
[PlyCount "63"]
[EventDate "2001.06.01"]
[EventType "swiss"]
[EventRounds "13"]
[EventCountry "YUG"]
[SourceTitle "CBM 084"]
[Source "ChessBase"]
[SourceDate "2001.09.13"]
[SourceVersion "1"]
[SourceVersionDate "2001.09.13"]
[SourceQuality "1"]

1. d4 Nf6 2. Nf3 d5 3. c4 e6 4. g3 Be7 5. Bg2 O-O 6. O-O c6 {Der schwarze
Spieler (früher Nenashev, seit diesem Jahr Graf) wählt die geschlossene
Variante der Katalanischen Verteidigung. Schwarz nimmt nicht auf c4, sondern
beabsichtigt, die Entwicklung des Damenflügels mit Nbd7 und b6 zu beenden.} 7.
Qc2 b6 8. Rd1 {Dieser prophylaktische Turmzug ist üblich in dieser Variante.}
Ba6 (8... Bb7) 9. Ne5 Qc8 $6 {Dieser Zug scheint mir etwas zu passiv. Nach 9...
Nfd7 läßt sich kaum ein weißer Eröffnungsvorteil nachweisen.} (9... Nfd7 $5 10.
cxd5 (10. Nxd7 Nxd7 11. cxd5 cxd5 12. Nc3 Nf6 (12... Rc8) 13. Bf4 Qd7 14. Rac1
Rac8 15. Qb1 Rfd8 $11 {1/2-1/2 Breedveld,A-Happel,H/Wijk aan Zee NED 2001/The
Week in Chess 325 (33)}) 10... cxd5 (10... Nxe5 11. d6 Bf6 12. dxe5 Bxe5 13.
Nc3 {1/2-1/2 Fine,R-Ragozin,V/Semmering 1937/HCL (41)}) 11. e4 Nxe5 12. exd5
Nd3 13. d6 Nb4 14. dxe7 Qxe7 15. Qa4 Nd5 16. Nc3 Bb7 {1/2-1/2 Bilek,I-Osnos,V/
Budapest 1965/EXT 99 (16)}) 10. Bf4 (10. Nc3 Nbd7 11. Bg5 h6 12. Bf4 Nxe5 13.
dxe5 Nd7 14. cxd5 cxd5 15. e4 dxe4 16. Bxe4 Rb8 17. Rac1 Rd8 18. Qb1 Nc5 19.
Bh7+ Kh8 20. b4 {1-0 Kozlov,O-Havranek,M/Decin 1998/EXT 2000 (67)}) 10... Nbd7
11. Nc3 $5 (11. Nd2) 11... Qb7 {Die Dame steht etwas unnatürlich auf b7.
Schwarz möchte damit jedoch den Zug Rac8 vorbereiten.} (11... Bxc4 12. Nxc4
dxc4 13. e4 $44 {Weiß hat das Läuferpaar und ein starkes Bauernzentrum. Das
bedeutet ausreichende Kompensation für den Bauern.}) (11... Nxe5 12. dxe5 Nh5 (
12... Nd7 13. cxd5 exd5 (13... cxd5 14. e4 $14) 14. e4 $14) (12... Ng4 $5) 13.
Bc1 {[%csl Rh5][%cal Rg3g4,Rg4h5]} (13. Be3 f5 $13) 13... f5 14. Bf3 g6 $13 (
14... Qe8 15. cxd5 cxd5 16. Nxd5 exd5 17. Bxd5+ Kh8 (17... Rf7 $2 18. Qxf5 $18)
18. Bxa8 Qxa8 19. Rd7 $36)) 12. b3 Rac8 (12... Nxe5) (12... Nh5) 13. e4 h6 (
13... Rfd8) (13... Nh5) 14. Nxd7 Qxd7 (14... Nxd7 $2 15. cxd5 cxd5 16. exd5
exd5 17. Bxd5 $16 (17. Nxd5 $2 Qxd5 (17... Rxc2 $2 18. Nxe7+ Kh7 19. Bxb7 Bxb7
20. Rdc1 $18) 18. Qxc8 Qxg2+ 19. Kxg2 Rxc8 $15)) 15. e5 Ne8 16. Bf1 {Ein
bescheidener Platz für einen Läufer, aber Weiß muss die Spannung im Zentrum
aufrecht erhalten.} Nc7 {Schwarz verbessert die Stellung seines Springer und
möchte c6-c5 durchsetzen.} 17. a4 Bb7 (17... Rfd8 $5) 18. Qe2 {[%cal Ge2g4]} c5
{Normalerweise muss Schwarz in der geschlossenen Variante versuchen, c6-c5
durchzusetzen. Hier aber scheint mir dieser Zug verfrüht, denn in der Folge
gerät Schwarz in Fesslungen auf der d-Linie und auf der Diagonale h1-a8.} (
18... Rfd8 $5) 19. Bg2 $14 {[%cal Gg2b7] Der weiße Läufer nimmt seinen
angestammten Platz auf g2 ein - das ist unangenehm für Schwarz, denn er
bekommt jetzt Schwierigkeiten im Zentrum.} cxd4 20. Rxd4 Bb4 $2 {[%mdl 16384]
Weiß macht Druck auf den Punkt d5. Deshalb möchte Schwarz den Nc3 entweder
abtauschen oder vertreiben. Dennoch bedeutet der Läuferzug einen strategischen
Fehler - der Läufer darf den Königsflügel nicht verlassen.} (20... f6) (20...
Bc5) 21. Ne4 {[%csl Ge4][%cal Ge4f6,Gd4d7]} Qe7 (21... Qc6 22. Bxh6 $1 $18) (
21... Ne8 22. Rad1 $16 {[%cal Gd1d7]}) (21... Bc5 22. Nf6+ $1 {Dieses
Springeropfer ist hier ebenso stark wie in der Partie.} gxf6 23. Bxh6 f5 24.
Qh5 $40) {[#]} 22. Nf6+ $1 $16 {[%mdl 64]} (22. Nd6 Bc3 23. Nxc8 Rxc8 24. Rad1
Bxd4 25. Rxd4 $14 Ba8 $6 26. Qg4 {[%cal Rf4h6,Gg4g8]} Kf8 $2 27. cxd5 Bxd5 28.
Bxd5 Nxd5 29. Rxd5 $18 {[%cal Gg4c8]}) 22... gxf6 (22... Kh8 23. Bxh6 gxh6 24.
Rh4 $18) 23. Bxh6 (23. exf6 Qxf6 24. Be5 Qg6 25. Rg4 $18) 23... f5 (23... Ne8
24. Qg4+ Kh7 25. Qh5 $18) 24. Qh5 $18 {[%cal Rd4g4,Rg4g8] Der schwarze König
befindet sich im Mattnetz - es droht 25.Rg4+.} Ne8 25. Rh4 Bc3 26. Bg5 (26.
Bxf8 Qxh4 27. Qxh4 Bxa1 28. Bd6 $18) (26. Rh3 $5 {Damit verhindert Weiß das
Damenopfer auf h4 und droht zugleich 27.Bg7.} f6 27. Bxf8 $18) 26... f6 27.
Qh8+ Kf7 28. Rh7+ Kg6 29. Rh6+ $1 Kf7 (29... Kxg5 30. h4+ (30. f4+ Kg4 31. Rh4#
) 30... Kg4 31. Rg6#) 30. Qh7+ Ng7 31. Rxf6+ Ke8 32. Rg6 {[%csl Re8][%cal
Rg5e7,Rg6g7,Rh7b7]} 1-0

[Event "Budapest FS12 GM-A"]
[Site "Budapest"]
[Date "2001.12.12"]
[Round "12"]
[White "Berkes, Ferenc"]
[Black "Bokros, Albert"]
[Result "1-0"]
[WhiteElo "2541"]
[BlackElo "2429"]
[Annotator "Ribli,Z"]
[PlyCount "91"]
[EventDate "2001.11.01"]
[EventType "tourn"]
[EventRounds "13"]
[EventCountry "HUN"]
[EventCategory "10"]
[SourceTitle "CBM 087"]
[Source "ChessBase"]
[SourceDate "2002.03.21"]
[SourceVersion "1"]
[SourceVersionDate "2002.03.21"]
[SourceQuality "1"]

1. d4 Nf6 2. c4 e6 3. g3 d5 4. Bg2 Be7 5. Nf3 O-O 6. Qc2 {Das ist eine
Nebenvariante statt der gewöhnlichen Rochade.} dxc4 {Ein automatischer Zug,
welcher aber nicht die beste Möglichkeit für Schwarz ist. Die Alternative 6...
c5 bietet Schwarz bessere Chancen auff Ausgleich.} (6... c5) 7. Qxc4 (7. Nbd2
$5 Nc6 (7... b5 $2 8. a4 c6 9. axb5 cxb5 10. Ng5 $18) 8. Qxc4 Qd5 $14) 7... a6
8. Bf4 {Jetzt muss Schwarz den c7-Bauern verteidigen. Nach 8.0-0?! haben wir
die 6.0-0 dxc4 7.Qc2 a6 8.Qxc4 Variante.} Nd5 9. Nc3 b5 (9... Nxf4 10. gxf4 b5
11. Qd3 Bb7 (11... Ra7) 12. Ng5 Bxg5 13. Bxb7 Ra7 14. Be4 (14. fxg5 Rxb7 15. h4
Nd7 $11) 14... Bxf4 15. Bxh7+ Kh8 16. Be4 $11) 10. Qd3 Bb7 11. Nxd5 Bxd5 (11...
exd5 $2 12. O-O $16 {[%csl Rb7][%cal Ga1c1,Gc1c7]}) 12. O-O Nd7 (12... f5 $6
13. Rac1 $14) 13. Rfd1 Rc8 14. e4 Bb7 $14 15. Qe2 (15. Qc2 $5 c5 (15... Bd6 16.
e5 Be7 17. Ng5 Bxg5 18. Bxg5 Qxg5 19. Bxb7 Rb8 20. Qxc7 $16) (15... Nf6 16. Ne5
c5 17. d5 exd5 18. exd5 Bxd5 (18... Nxd5 19. Rxd5 Bxd5 20. Rd1 $18) 19. Bxd5
Nxd5 20. Qb3 c4 21. Qf3 $18) 16. d5 $14) 15... Bd6 16. Bg5 {Nach 16.Bxd6 cxd6
wäre die schwarze Stellung nur mikroskopisch schlechter.} (16. Qe3 $14) (16.
Ne5 Bxe5 17. dxe5 Qe7 18. Rd2 $14) 16... Be7 17. Bf4 Bd6 18. Bd2 {Weiß hat ein
Übergewicht im Zentrum, deshalb ist er nicht zufrieden mit der Zugwiederholung.
} c5 {Endlich kann Schwarz diesen Zug machen, was ihn in die Nähe des
Ausgleichs bringt.} 19. dxc5 Bxc5 (19... Rxc5 $2 20. Bb4 $18) (19... Nxc5 $2
20. Bf4 Nxe4 21. Ne1 $18) 20. b4 Be7 (20... Bb6 21. Bf4 $36) 21. Bf4 {[%cal
Gf4b8,Gd1d8]} Qe8 {Mit diesem Zug befreit sich Schwarz aus der Fesselung auf
der d-Linie.} (21... Bxb4 22. Ne5 Rc7 23. Nd3 $16 (23. Qd3 Bc8 24. Rac1 Rxc1 (
24... Bc5 25. Rxc5 Rxc5 26. Nxd7 $16) 25. Bxc1 $18)) 22. Qe3 e5 $6 {Dieses
zeitweiliges Bauernopfer gefällt mir nicht - stattdessen hat Schwarz
verschiedene Möglichkeiten.} (22... Bxb4 $5 23. Qd4 Bc3 24. Qxd7 Qxd7 25. Rxd7
Bxa1 26. Rxb7 Rc2 $13) (22... Rc4 $5) (22... Nf6 $5) 23. Nxe5 Nxe5 24. Bxe5
Bxb4 25. Bxg7 $1 {[%mdl 64] Mit dieser kleiner Kombination gewinn Weiß einen
Bauern.} Kxg7 26. Qd4+ {[%cal Rd4b4,Rd4g7]} f6 27. Qxb4 $16 Rc4 $1 28. Qd6 (28.
Qa5 $1 Rxe4 29. Re1 Rxe1+ 30. Rxe1 Qd7 31. Qb4 Rf7 32. Bxb7 Qxb7 33. Qg4+ Kf8
34. Qe6 $14) 28... Rxe4 $5 $132 {[%mdl 2048] Mit diesem schönen Zug gewinnt
Schwarz den Bauern zurück.} 29. Rac1 (29. Bxe4 $2 Qxe4 $19) 29... Rf7 30. h4
Qe6 (30... Re6 31. Qf4 Bxg2 32. Kxg2 $14) 31. Qb8 (31. Qxe6 Rxe6 $11) 31... Qe7
32. Rd8 Re1+ 33. Kh2 (33. Rxe1 $2 Qxe1+ 34. Kh2 Qxf2 $19) 33... Qxd8 $8 34.
Qxd8 Rxc1 {Schwarz hat zwei Türme für die Dame, aber die schwarze
Königsstellung ist geschwächt und die Dame ist aktiv.} 35. Qb6 Bc8 $2 {Es ist
wahr, dass Schwarz mit diesem Zug den a6-Bauern verteidigt, aber diese
Fortsetzung ist sehr passiv.} (35... Bxg2 36. Kxg2 Rfc7 37. Qxa6 R7c5 $14) 36.
Bd5 $36 {[%csl Gb6,Gd5]} Rfc7 37. Qe3 R1c2 (37... b4 38. h5 $36) 38. h5 Bf5 $2
(38... R2c5) 39. h6+ Kg6 40. g4 $1 $18 {[%csl Rf5]} Bxg4 41. Be4+ {[%cal Re4g6,
Re4c2]} f5 (41... Bf5 42. Qg3+ $18) 42. Bxc2 Rxc2 43. Kg3 {[%csl Gg3] Schwarz
hat R+B+P gegen der Dame, aber sein König steht schlecht.} Rc4 44. Qe6+ Kh5 45.
Qf7+ Kxh6 46. Qf6+ (46. Qf6+ Kh5 47. f4 (47. f3 $2 f4+ $132) 47... h6 48. Qf7#)
1-0

[Event "Bundesliga 0203"]
[Site "Germany"]
[Date "2003.02.08"]
[Round "10.2"]
[White "Khalifman, Alexander"]
[Black "Grischuk, Alexander"]
[Result "0-1"]
[WhiteElo "2690"]
[BlackElo "2702"]
[Annotator "Ribli,Z"]
[PlyCount "58"]
[EventDate "2002.10.19"]
[EventType "team-tourn"]
[EventRounds "15"]
[EventCountry "GER"]
[SourceTitle "CBM 094"]
[Source "ChessBase"]
[SourceDate "2003.05.26"]
[SourceVersion "1"]
[SourceVersionDate "2003.05.26"]
[SourceQuality "1"]
[WhiteTeam "Porz"]
[BlackTeam "Luebeck"]
[WhiteTeamCountry "GER"]
[BlackTeamCountry "GER"]

1. d4 d5 2. Nf3 e6 3. g3 Nf6 4. Bg2 Be7 5. c4 O-O 6. O-O c5 {Dieser Zug ist
ein seltener Gast in der Turnierpraxis: gewoehnlich wird hier 6...dxc4, oder 6.
..c6, oder 6...Nbd7 gezogen. Mit der Partiefortsetzung geht die Erföffnung in
die Bahnen der Tarrasch Verteidigung über.} 7. dxc5 (7. cxd5 exd5 {Auf diese
Weise - mit Zugumstellung - haben wir die Grundstellung der Tarrasch
Verteidigung.} (7... Nxd5 8. dxc5 Bxc5 9. a3 $14)) 7... Bxc5 8. a3 Nc6 (8...
dxc4 9. Qc2 Nc6 10. Qxc4 Qd5 11. Qh4 (11. Nbd2 Bd7 12. b4 Be7 13. Bb2 Rac8 14.
Qxd5 Nxd5 15. Rac1 Rfd8 16. Nc4 Be8 17. Rfd1 b5 18. Nce5 {1/2-1/2 Gulko,
B-Bezgodov,A/New Delhi/Theran 2000/CBM 80 (18)}) 11... Qe4 12. Qxe4 Nxe4 13. b4
Bb6 14. Bb2 Rd8 15. Nc3 {1-0 Gurevich,D-Li,L/Geneve 2001/EXT 2002 (26)}) (8...
a5) 9. b4 Bb6 10. Bb2 Qe7 (10... dxc4 11. Nbd2 e5 12. Nxc4 e4 13. Qxd8 Bxd8 14.
Ng5 Bg4 15. Rfe1 Re8 16. Nd6 {1-0 Sorokin,M-Paglilla,C/Villa Martelli 1995/EXT
97 (44)}) 11. Nbd2 Rd8 12. Qc2 e5 $1 {[%csl Gd5,Ge5][%cal Gc8g4] Schwarz
mobilisiert seine Zentrumsstellung. Weiß hat zwar zwei Läufer auf den großen
Diagonalen, aber Schwarz besitzt ein Uebergewicht im Zentrum.} (12... h6 13.
Rad1 a6 14. e4 dxc4 15. Nxc4 Rxd1 16. Rxd1 Ba7 17. Nfe5 {1-0 Romanishin,
O-Lobron,E/Biel 1987/CBM 03 (38)}) (12... Bd7 13. e4 dxc4 14. Nxc4 Rac8 15.
Nxb6 axb6 16. Qe2 {1-0 Tratar,M-Koenig,D/Werfen 1992/EXT 97 (29)}) 13. b5 {
Dieser Zug scheint mir zu optimistisch zu sein. Es waere besser 13.cxd5 zu
ziehen.} (13. cxd5 Nxd5 14. Rad1 $5 (14. b5 Nd4 15. Nxd4 exd4 16. Nb3 Bg4 $1 (
16... Nf6 17. Rad1 $14) 17. Nxd4 Ne3 $1 18. fxe3 Qxe3+ 19. Kh1 Bxd4 20. Bxd4
Rxd4 21. Bxb7 Re8 {Ftacnik,L. 1/2-1/2 Magem Badals,J-Illescas Cordoba,M/Leon
1990/CBM 20/[Ftacnik] (29)}) (14. e4 Nf6 15. Nc4 Nd4 $1 16. Nxd4 Bxd4 $10)
14... Nd4 (14... Bg4) 15. Nxd4 Bxd4 16. Nc4 Nb6 17. Nxe5 Bf5 18. Qxf5 Bxb2 19.
Rxd8+ Rxd8 20. Nd3 Bxa3 21. Qa5 Nc4 22. Qxa7 Qxe2 23. Nf4 {1-0 Antunes,A-Lalic,
S/Benasque 1996/CBM 53 ext (28)}) 13... Nd4 14. Nxd4 exd4 15. c5 $1 (15. cxd5
Qxe2 $36) 15... Bxc5 (15... Qxc5 16. Qxc5 Bxc5 17. Nb3 Bb6 (17... b6 18. Bxd4
$11) 18. Bxd4 $11) 16. Nb3 Bb6 17. Bxd4 $11 {Der schwarze d5P ist isoliert,
aber Weiß hat einige Bauernschwächen am Damenfluegel und Schwarz kommt zu
aktivem Figurenspiel.} (17. Nxd4 $11) 17... Bg4 18. Rfe1 (18. e3 $11) 18...
Rac8 19. Qb2 h5 $5 $36 {[%cal Gh5h4] Im folgenden kann Schwarz h5-h4 spielen,
mit starker Initiative am Koenigsfluegel.} 20. a4 (20. h3 $11) 20... h4 21. a5
Bxd4 22. Nxd4 Qe5 {[%csl Ge5,Gh4][%cal Gc8c1] Schwarz hat eine sehr aktive
Figurenstellung.} 23. Rab1 Ne4 {[%mdl 2048]} 24. Nf3 $6 (24. f3 $2 Nc3 $17) (
24. e3 $11) 24... Qxb2 25. Rxb2 h3 $15 26. Bf1 (26. Bh1 $142 $15 {Dieser
Lauferzug erscheint passiv, aber der Vorteil des Zuges ist, dass Weiß den
f3-Springer verteidigt.}) 26... d4 {[%csl Yc3][%cal Ge4c3]} 27. Rd1 $2 $138 {
[%mdl 8192]} (27. Ne5 Be6 28. Nd3 $15) 27... d3 $1 $19 {[%csl Rd1,Rf3][%cal
Gg4d1]} 28. Rb4 (28. Rxd3 Rxd3 29. exd3 Bxf3 30. dxe4 Rc1 $19 {[%cal Rf3g2,
Rc1g1]}) 28... Bxf3 29. exf3 Nc3 $1 {[%csl Gc3,Gc8,Gd3,Gd8]} (29... Nc3 $1 30.
Rxd3 Ne2+ 31. Bxe2 Rc1+ 32. Bf1 Rxd3 $19) 0-1

[Event "Bundesliga 0405"]
[Site "Germany"]
[Date "2004.12.11"]
[Round "5.1"]
[White "Miroshnichenko, Evgenij"]
[Black "Anand, Viswanathan"]
[Result "0-1"]
[WhiteElo "2617"]
[BlackElo "2781"]
[Annotator "Ribli,Z"]
[PlyCount "62"]
[EventDate "2004.11.12"]
[EventType "team-tourn"]
[EventRounds "15"]
[EventCountry "GER"]
[SourceTitle "CBM 105"]
[Source "ChessBase"]
[SourceDate "2005.04.11"]
[SourceVersion "1"]
[SourceVersionDate "2005.04.11"]
[SourceQuality "1"]
[WhiteTeam "Neukoelln"]
[BlackTeam "Baden Oos"]
[WhiteTeamCountry "GER"]
[BlackTeamCountry "GER"]

1. Nf3 Nf6 2. c4 e6 3. g3 d5 4. Bg2 Be7 5. d4 O-O 6. Qc2 {Dieser Zug wird
relativ selten gespielt. Auf diese Weise vermeidet Weiß die Variante 6.0-0
dxc4 7.Qc2 a6, nach 6...dxc4(?!) spielt Weiß entweder 7.Qxc4 a6 8.Bf4, oder 7.
Nbd2 - in beiden Fällen mit sehr guten Chancen auf Eröffnungsvorteil.} c5 7.
O-O cxd4 8. Nxd4 e5 {Dieser Zug wird wenig gespielt, die beliebtere
Fortsetzung ist 8...Nc6, aber auch 8...Qb6!? kommt in Betracht.} (8... Nc6) (
8... Qb6 $5) 9. Nf5 (9. Nf3 Nc6 10. cxd5 Nxd5 11. Nc3 Nxc3 12. bxc3 Be6 $15 {
1/2-1/2 Salov,V-Kotronias,V/Haifa 1989/EU-chT (42)}) 9... d4 $5 {Der Nachteil
des Zuges 8...e5 ist die Öffnung der Diagonale für den Läufer auf g2; jedoch
gewinnt Schwarz mit dem Textzug Raum im Zentrum und Weiß kann seinen Springer
nicht auf c3 platzieren.} (9... dxc4 10. Nd2 Nc6 11. Nxc4 $14) 10. Nxe7+ Qxe7 {
Diese Stellung erinnert mich an eine Variante der Englischen Eröffnung: 1.c4
c5 2.Nf3 Nf6 3.Nc3 e6 4.d4 cxd4 5.Nxd4 Bb4 6.g3 0-0 7.Bg2 d5 8.Qb3 Bxc3+ 9.
Qxc3 e5 10.Nb3 d4. Sowohl dort als auch in unserer Partiestellung besitzt
Schwarz Raumvorteil im Zentrum. Das weiße Läuferpaar hingegen ist nicht viel
wert.} 11. b3 $146 {[%cal Rc1a3,Ra3e7] Weiß möchte seinen Läufer nach a3
ziehen.} (11. Bg5 Nc6 12. Nd2 h6 13. Bxf6 Qxf6 14. a3 (14. c5 Bf5 15. Qa4 Qe7
16. b4 a5 17. b5 Nb4 18. a3 Nc2 19. Rac1 d3 20. exd3 Nd4 21. Rfe1 {1-0
Zilberstein,V-Geller,A/Belgorod 1989/TD 89\02 (47)}) 14... Bg4 15. b4 Qe7 16.
Nb3 Rac8 17. e3 dxe3 18. fxe3 Kh8 {0-1 Pereira,J-Vescovi,G/Sao Paulo 2000/ (40)
}) 11... Nc6 12. Ba3 Nb4 13. Bxb4 (13. Qd2 a5 14. e3 Rd8 $11) 13... Qxb4 14.
Nd2 Qe7 15. Ne4 Ne8 $5 {[%cal Gf7f5][%mdl 32] Schwarz möchte seinen Springer
auf dem Brett halten und den gegnerischen Springer mit f7-f5 von e4 verjagen.}
(15... Bf5 16. Nxf6+ Qxf6 17. Be4 Bxe4 18. Qxe4 $11) 16. Rae1 $6 {Dieser Zug
erscheint mir schablonenhaft, ich glaube, 16.f4!? wäre besser.} (16. f4 $142 $5
f5 17. Nf2 exf4 18. gxf4 Nf6 $11) 16... f5 17. Nd2 Nf6 $15 {[%csl Gd4,Ge5,Gf5]
Schwarz hat eine starke Bauernmacht im Zentrum.} 18. e3 dxe3 19. Rxe3 e4 {
[%csl Rg2] Nach diesem Zug ist der Bg2 abgeschnitten.} 20. Qc3 (20. f3 Bd7 $15
21. fxe4 $2 Qc5 22. Qc3 Ng4 $19 {[%csl Re3][%cal Rc5g1]}) 20... b5 $1 {[%cal
Gc8b7,Gb7g2,Gb5b4] Ein ausgezeichneter Zug! Schwarz agiert nicht nur am
Königsflügel. Nach 21.cxb5? 21...Nd5 verliert Weiß Material, sonst kann
Schwarz b5-b4 ziehen, mit großem Raumvorteil.} 21. Ree1 (21. cxb5 $2 Nd5 22.
Qc4 Be6 $17) 21... b4 22. Qe3 Bb7 23. f3 Rad8 {[%csl Gd8][%cal Gd8d2] Alle
schwarzen Figuren stehen ausgezeichnet.} 24. Re2 (24. fxe4 Ng4 25. Qe2 Qd6 (
25... Qc5+ 26. Kh1 Qd6 27. Nb1 (27. h3 Qxd2 28. Qxd2 Rxd2 29. hxg4 fxe4 30.
Rxf8+ Kxf8 31. Bxe4 Bxe4+ 32. Rxe4 a5 $15) 27... Qh6 28. h4 Rde8 $15) 26. h3
Qd4+ 27. Kh1 Qxd2 28. hxg4 (28. hxg4 Qh6+ 29. Kg1 Rd2 $17) 28... Qh6+ 29. Kg1
Rd2 $17) 24... Bc6 25. h3 (25. fxe4 Ng4 26. Qf4 (26. Qf3 h5 27. h3 Qc5+ 28. Kh1
fxe4 $19) 26... g5 27. Qf3 h5 $19 {[%csl Rf3] Gegen die schwarze Drohung 28...
fxe4 hat Weiß keine Verteidigung; zusätzlich steht seine Dame auf f3 sehr
passiv.}) 25... Nh5 26. fxe4 Qe5 27. Rf3 (27. Kh2 f4 28. gxf4 Nxf4 29. Qg3 Rd3
30. Rf3 Rxf3 31. Bxf3 Bd7 $17) {[#]} 27... Nxg3 $1 {[%csl Re4,Gg3][%mdl 64]
Mit diesem Zug gewinnt Schwarz den Bauern in überlegener Stellung zurück.} 28.
Ref2 (28. Rxg3 f4 $19 {[%cal Rf4e3,Rf4g3]}) 28... Nxe4 (28... f4 29. Qxa7 Nxe4
30. Nxe4 Bxe4 31. Re2 Qf5 $19) 29. Nxe4 Bxe4 $19 30. Rf4 g5 {[%csl Rf4]} 31.
Qg3 (31. Rxf5 Rxf5 32. Rxf5 Qxf5 33. Bxe4 Rd1+ 34. Kg2 Qf1+ 35. Kh2 Qf4+ $19)
31... Qg7 0-1

[Event "Dortmund SuperGM 33rd"]
[Site "Dortmund"]
[Date "2005.07.10"]
[Round "3"]
[White "Kramnik, Vladimir"]
[Black "Topalov, Veselin"]
[Result "1-0"]
[WhiteElo "2744"]
[BlackElo "2788"]
[Annotator "Ribli,Z"]
[PlyCount "81"]
[EventDate "2005.07.07"]
[EventType "tourn"]
[EventRounds "9"]
[EventCountry "GER"]
[EventCategory "19"]
[SourceTitle "CBM 108"]
[Source "ChessBase"]
[SourceDate "2005.09.26"]
[SourceVersion "1"]
[SourceVersionDate "2005.09.26"]
[SourceQuality "1"]

1. d4 Nf6 2. c4 e6 3. Nf3 d5 4. g3 Bb4+ {Eine sehr populäre Variante in
Großmeisterturnieren. Schwarz stört die weiße Entwicklung.} 5. Bd2 Be7 6. Bg2
O-O 7. O-O c6 8. Bf4 b6 9. Nc3 Ba6 (9... Bb7 10. Rc1 Nh5 11. Be3 (11. Bxb8 Qxb8
$5 12. Ne5 Nf6 13. e3 Rd8 14. cxd5 cxd5 15. f4 g6 16. g4 Nd7 17. Qe1 {1/2-1/2
Khalifman,A-Adams,M/Izmir 2004/CBM 104}) 11... Nf6 12. Qb3 Nbd7 13. cxd5 cxd5
14. Rc2 Nb8 15. Ne5 Nbd7 16. Nd3 Nb8 17. Nb4 Qd6 18. a3 Nc6 19. Nxc6 Bxc6 20.
Rfc1 Qd7 $11 {1/2-1/2 Sakaev,K-Sargissian,G/Moscow 2005/(25)}) 10. cxd5 cxd5
11. Rc1 Nc6 $6 {Dieser extravagante Springerzug wurde zuerst in der Partie
Ponomariov,R - Topalov,V Sofia 2005 gespielt. Wahrscheinlich bieten die
Alternativen 11...Qe8, oder 11...Bb7!? Schwarz ohne Komplikationen viel
bessere Ausgleichchancen.} (11... Qe8 12. Ne5 Bb7 13. Qa4 Qxa4 14. Nxa4 Na6 15.
a3 Rac8 16. Nc3 Nc7 17. Nd3 Nfe8 18. Rfd1 Nd6 {1/2-1/2 Sosonko,G-Karpov,A/
Brussels 1987/CBM 02 (52)}) (11... Bb7 $5 12. Nb5 a6 13. Nc7 Ra7 14. Qa4 Ne4
15. Nb5 Ra8 16. Nc3 b5 17. Qd1 Nc6 18. Ne5 {1/2-1/2 Prusikin,M-Gyimesi,Z/
Miskolc 2004/(18)}) 12. Nxd5 {Die konsequente Fortsetzung, um
Eröffnungsvorteil zu erlangen.} (12. Qa4 Bb7 $11) 12... Qxd5 13. Ne5 Nxd4 14.
Bxd5 Nxe2+ 15. Qxe2 (15. Kh1 $6 Nxd5 16. Qa4 Bb7 17. Qd7 Rab8 $40) 15... Bxe2
16. Bxa8 Rxa8 {Bis jetzt ist nach 11...Nc6?! alles forciert.} (16... Bxf1 17.
Rc7 $1 $16) 17. Rfe1 Bb5 18. Rc2 Nd5 19. Rec1 Ba6 $146 {Diese Neuerung
entspringt wohl der häuslichen Analyse Topalovs.} (19... Bc5 {[%csl Gc5]} 20.
Bd2 f6 $5 (20... a5 $1 21. Rxc5 (21. b3 f6 22. Nc4 a4 23. b4 Bd4 $132) 21...
bxc5 22. Rxc5 Rb8 23. Bxa5 f6 24. Nf3 Be2 $11) 21. b4 $1 Bf8 22. Ng4 Rd8 $6 (
22... Kf7 $142) 23. Rc8 Rd7 {[#]} 24. Nh6+ $1 {Ein wirklich unerwartetes
Springeropfer.} gxh6 25. Bxh6 Rf7 26. Rd8 {[%csl Rf7,Rf8,Rg8] Die schwarzen
Figuren sind gefesselt.} Ne7 27. Rc7 {1-0 Ponomariov,R-Topalov,V/Sofia 2005/
CBM 107/[Ribli Zoltan] (40)}) 20. Bd2 f6 21. Nc4 $1 $14 {[%cal Gc4e3,Ge3d5]
[%mdl 32] Weiß verfolgt eine sinnvolle Strategie: er möchte den starken
d5-Springer tauschen.} (21. Nc6 Bd6) 21... Rd8 22. a3 Kf7 23. Ne3 h5 $2 (23...
Bd6 $142 $1 24. Nxd5 exd5 25. Bf4 (25. Bb4 Bb8) 25... Bxf4 26. gxf4 d4 27. Rc7+
Ke6 $1 28. Rxa7 Be2 $132) 24. Nxd5 Rxd5 25. Bb4 $1 Bd8 (25... Bxb4 26. axb4 $16
{[%cal Gc2c7]}) 26. Rc6 $1 {[%cal Gc6d6,Gd6d5,Gd6d8] Um mit 27.Rd6 die Türme
zu tauschen.} Be2 27. Rd6 Rxd6 28. Bxd6 $16 {[%mdl 4096] Schwarz hat nur einen
Bauern für die Qualität und mit guter Spieltechnik kann Weiß seinen Vorteil
verwerten.} Ke8 29. Bb8 $1 {Mit diesem Zug provoziert Weiß die Schwächung des
schwarzen Damenflügels.} a5 30. Bc7 Bf3 31. Rc3 (31. Bxd8 Kxd8 32. Rc3 $16)
31... Bd5 32. f4 Kd7 33. Bxd8 Kxd8 34. Kf2 Kd7 35. Ke3 e5 (35... Kd6 36. Rc8
$16) (35... Bb7 $142) 36. fxe5 fxe5 37. Rc1 $1 {[%cal Gc1f1,Gf1f8]} a4 (37...
g6 38. Rf1 Ke7 39. b4 axb4 40. axb4 Bb7 41. Ra1 Kd6 42. Ra7 Kc7 43. h4 Kc8 (
43... Kb8 44. Ra1 Kc7 45. Rf1 $1 $18) 44. b5 Kc7 45. Rxb7+ $1 Kxb7 46. Ke4 $18)
38. Rf1 {[%cal Rf1f5,Rf5h5,Rf5e5]} Ke6 39. Rf8 $18 {[%csl Gf8][%cal Rf8b8,
Rb8b6] Das Eindringen des Turms auf der schwarzen Grundlinie entscheidet die
Partie.} b5 40. Rg8 Kf6 41. Rb8 1-0